The Self-organizing University (Запис № 450549)

МАРК-запис
000 -LEADER
fixed length control field 04293nam a22006015i 4500
001 - CONTROL NUMBER
control field 978-981-10-4917-0
003 - CONTROL NUMBER IDENTIFIER
control field DE-He213
005 - DATE AND TIME OF LATEST TRANSACTION
control field 20210118142125.0
007 - PHYSICAL DESCRIPTION FIXED FIELD--GENERAL INFORMATION
fixed length control field cr nn 008mamaa
008 - FIXED-LENGTH DATA ELEMENTS--GENERAL INFORMATION
fixed length control field 170628s2017 si | s |||| 0|eng d
020 ## - INTERNATIONAL STANDARD BOOK NUMBER
International Standard Book Number 9789811049170
-- 978-981-10-4917-0
024 7# - OTHER STANDARD IDENTIFIER
Standard number or code 10.1007/978-981-10-4917-0
Source of number or code doi
050 #4 - LIBRARY OF CONGRESS CALL NUMBER
Classification number LB2300-2799.3
072 #7 - SUBJECT CATEGORY CODE
Subject category code JNM
Source bicssc
072 #7 - SUBJECT CATEGORY CODE
Subject category code EDU015000
Source bisacsh
072 #7 - SUBJECT CATEGORY CODE
Subject category code JNM
Source thema
082 04 - DEWEY DECIMAL CLASSIFICATION NUMBER
Classification number 378
Edition number 23
100 1# - MAIN ENTRY--PERSONAL NAME
Personal name Bain, Alan.
Relator term author.
Relator code aut
-- http://id.loc.gov/vocabulary/relators/aut
245 14 - TITLE STATEMENT
Title The Self-organizing University
Medium [electronic resource] :
Remainder of title Designing the Higher Education Organization for Quality Learning and Teaching /
Statement of responsibility, etc by Alan Bain, Lucia Zundans-Fraser.
250 ## - EDITION STATEMENT
Edition statement 1st ed. 2017.
264 #1 -
-- Singapore :
-- Springer Singapore :
-- Imprint: Springer,
-- 2017.
300 ## - PHYSICAL DESCRIPTION
Extent XIV, 192 p. 23 illus., 17 illus. in color.
Other physical details online resource.
336 ## -
-- text
-- txt
-- rdacontent
337 ## -
-- computer
-- c
-- rdamedia
338 ## -
-- online resource
-- cr
-- rdacarrier
347 ## -
-- text file
-- PDF
-- rda
505 0# - FORMATTED CONTENTS NOTE
Formatted contents note Chapter 1: The Quality Illusion in Learning and Teaching -- Chapter 2: Commitments and Model Development -- Chapter 3: Designing for Learning and Teaching -- Chapter 4: Transforming Organizational Structures -- Chapter 5: Emergent Feedback -- Chapter 6: Edge Technologies and Learning and Teaching Analytics -- Chapter 7: Agency and Leadership -- Chapter 8: Implementation: A Whole-of-Organization Schema for Learning and Teaching -- Chapter 9: Meaningful Measurement of Productivity.
520 ## - SUMMARY, ETC.
Summary, etc This book challenges the orthodoxy of learning and teaching in higher education with an original change approach entitled the Self-Organizing University (SOU). It assists universities build a comprehensive model of learning and teaching at whole-of-organization scale. The chapters demonstrate how a Self-Organizing University can create: • measurable learning and teaching standards; • student centered program development; • enhanced faculty professional growth and career trajectory; • more efficient and effective organizational design; • better feedback; • powerful use of technologies; • a legitimate connection between quality and productivity. Each chapter includes case examples derived from practical experience that situate the key ideas and concepts in the real day-to-day work of universities. The role of leadership in creating and sustaining a self-organizing university is also a key focus. The chapters target leadership practices that improve learning and teaching quality and productivity and assist universities realize their goals and aspirations for maximizing student learning. .
506 ## - RESTRICTIONS ON ACCESS NOTE
Terms governing access Available to subscribing member institutions only. Доступно лише організаціям членам підписки.
506 ## - RESTRICTIONS ON ACCESS NOTE
Standardized terminology for access restriction Online access from local network of NaUOA.
506 ## - RESTRICTIONS ON ACCESS NOTE
Standardized terminology for access restriction Online access with authorization at https://link.springer.com/
506 ## - RESTRICTIONS ON ACCESS NOTE
Standardized terminology for access restriction Онлайн-доступ з локальної мережі НаУОА.
506 ## - RESTRICTIONS ON ACCESS NOTE
Standardized terminology for access restriction Онлайн доступ з авторизацією на https://link.springer.com/
650 #0 - SUBJECT ADDED ENTRY--TOPICAL TERM
Topical term or geographic name as entry element Higher education.
650 #0 - SUBJECT ADDED ENTRY--TOPICAL TERM
Topical term or geographic name as entry element School management and organization.
650 #0 - SUBJECT ADDED ENTRY--TOPICAL TERM
Topical term or geographic name as entry element School administration.
650 #0 - SUBJECT ADDED ENTRY--TOPICAL TERM
Topical term or geographic name as entry element Learning.
650 #0 - SUBJECT ADDED ENTRY--TOPICAL TERM
Topical term or geographic name as entry element Instruction.
650 14 - SUBJECT ADDED ENTRY--TOPICAL TERM
Topical term or geographic name as entry element Higher Education.
-- http://scigraph.springernature.com/things/product-market-codes/O36000
650 24 - SUBJECT ADDED ENTRY--TOPICAL TERM
Topical term or geographic name as entry element Administration, Organization and Leadership.
-- http://scigraph.springernature.com/things/product-market-codes/O17000
650 24 - SUBJECT ADDED ENTRY--TOPICAL TERM
Topical term or geographic name as entry element Learning & Instruction.
-- http://scigraph.springernature.com/things/product-market-codes/O22000
700 1# - ADDED ENTRY--PERSONAL NAME
Personal name Zundans-Fraser, Lucia.
Relator term author.
Relator code aut
-- http://id.loc.gov/vocabulary/relators/aut
710 2# - ADDED ENTRY--CORPORATE NAME
Corporate name or jurisdiction name as entry element SpringerLink (Online service)
773 0# - HOST ITEM ENTRY
Title Springer eBooks
776 08 - ADDITIONAL PHYSICAL FORM ENTRY
Display text Printed edition:
International Standard Book Number 9789811049163
776 08 - ADDITIONAL PHYSICAL FORM ENTRY
Display text Printed edition:
International Standard Book Number 9789811049187
776 08 - ADDITIONAL PHYSICAL FORM ENTRY
Display text Printed edition:
International Standard Book Number 9789811352652
856 40 - ELECTRONIC LOCATION AND ACCESS
Uniform Resource Identifier <a href="https://doi.org/10.1007/978-981-10-4917-0">https://doi.org/10.1007/978-981-10-4917-0</a>
912 ## -
-- ZDB-2-EDA
942 ## - ADDED ENTRY ELEMENTS (KOHA)
Koha item type ЕКнига

Немає доступних примірників.